Statistiken für Offizielle Sprachen #3

Klicken Sie hier um das Quiz zu spielen!

Allgemein

  • Dieses Quiz wurde 107 mal gespielt
  • Das Durchschnittsergebnis liegt bei 20 aus 29

Antwortstatistiken

HintAntwort% Korrekt
KroatischKroatien
100%
GriechischGriechenland
95%
RumänischRumänien
93%
Mandarin-ChinesischChina
92%
KroatischBosnien und Herzegowina
89%
SomaliSomalia
89%
KikongoDemokratische
Republik Kongo
84%
SuaheliDemokratische
Republik Kongo
84%
KikongoRepublik Kongo
84%
BengalischIndien
83%
GriechischZypern
82%
BengalischBangladesch
79%
VendaSüdafrika
75%
SothoSüdafrika
75%
SuaheliKenia
71%
RumänischMoldawien
71%
SothoLesotho
68%
Mandarin-ChinesischTaiwan
68%
SuaheliTansania
67%
SomaliDschibuti
62%
SuaheliUganda
59%
Vendasimbabwe
47%
Mandarin-ChinesischSingapur
46%
HausaNiger
42%
GbeGhana
41%
KikongoAngola
38%
HausaNigeria
38%
GbeTogo
38%
GbeBenin
34%

Verteilung der Resultate

Perzentil nach korrekt beantworteten Fragen

Anzahl Personen mit jedem Resultat

Ihre Resultats-Entwicklung

Sie haben dieses Quiz noch nicht gespielt